01105nam a2200193Ia 4500001001100000003001000011008004100021040002500062041001300087100001700100245004900117250001100166260006700177300001200244500026400256501011400520520026400634650001300898L320-23718IT-CnALBA170116s9999||||xx |||||||||||||| ||und|| aIT-CnALBAcIT-CnALBA aITALIANO aSENZA AUTORE 0aIL PROGRAMMA DEL PARTITO POPOLARE ITALIANO.  a3a ed. a S. BENIGNO CANAVESEbSALESIANA SC. TIP.c1920 [1° Ed.: n.d.] a224 p.  aILLUSTRAZIONI DI A. CANTONO. STORIA. DEMOCRAZIA CRISTIANA. PARTITO POPOLARE. E ASSOCIAZIONI CATTOLICHE. APPELLO PROGRAMMA. UNITÀ DELLA FAMIGLIA. LIBERTÀ D'INSEGNAMENTO. LEGISLAZIONE SOCIALE NAZIONALE E INTERNAZIONALE. FORZE IDROELETTRICHE E MINERARIE. AUT aSocietà San Paolo EM - Piazza San Paolo, 14 - 12051 ALBA (CN) (non commercial uses only) ® Copyright 2017 aILLUSTRAZIONI DI A. CANTONO. STORIA. DEMOCRAZIA CRISTIANA. PARTITO POPOLARE. E ASSOCIAZIONI CATTOLICHE. APPELLO PROGRAMMA. UNITÀ DELLA FAMIGLIA. LIBERTÀ D'INSEGNAMENTO. LEGISLAZIONE SOCIALE NAZIONALE E INTERNAZIONALE. FORZE IDROELETTRICHE E MINERARIE. AUT aPOLITICA